000 01310nam0a2200325 i 4500
001 RU\NLR\bibl\1896222
005 20241101012000.0
010 _a9785699256686
_93000
021 _aRU
_b2012-24088
_91800
035 _a(NLR Aleph) 001885877
090 _a2853523
_c2853523
100 _a20120425d2012 u y0rusy50 ca
101 1 _arus
_cfre
102 _aRU
105 _aa |||||||||
200 1 _aБабочка из бездны
_e[сборник]
_fСерж Брюссоло
_g[пер. с фр. В. Жуковой
_gил. В. Тимофеевой]
210 _aМосква
_cЭксмо
_d2012
215 _a314, [1] с.
_d21
225 1 _aПегги Сью и призраки
320 _aДр. кн. авт.: с. 2
327 1 _aСодерж.: Бабочка из бездны: роман; Кто скребется за стеной?: рассказ
686 _aШ9(4Фр)62-4
700 1 _4070
_7ca
_8rus
_aБрюссоло
_bС.
_f1951-
_gСерж
_9156239
_3RU\NLR\AUTH\770156278
702 1 _4040
_aТимофеева
_bВ. В.
_cхудожник-иллюстратор
_f1969-
_gВиктория Валерьевна
_9136901
_3RU\NLR\AUTH\770136936
801 0 _aRU
_bNLR
_c20120425
_gRCR
801 1 _aRU
_bNLR
_c20120425
942 _cBOOK
980 _aNBR